| 000 | 00794nam a22002177a 4500 | ||
|---|---|---|---|
| 005 | 20090824120445.0 | ||
| 008 | 090824t xxu||||| |||| 00| 0 eng d | ||
| 010 | _aENG-94851 | ||
| 020 |
_a9788172450342 _c65.00 |
||
| 035 | _aEN-78384 | ||
| 037 | _bDBAD / PUB | ||
| 040 |
_adpl _bEnglish |
||
| 082 | _a485 | ||
| 100 | _aArnold, Thomas Kurchever | ||
| 245 |
_aGoodwill's basic english grammar / _cby Thomas Kurchever Arnold |
||
| 260 |
_aNew Delhi _bGoodwill Publishing House _c(200?) |
||
| 270 |
_aB-3, Rattan Jyoti, 18 Rajendra Place _bNew Delhi _e110008 |
||
| 300 |
_aix, 214p. _c22cm(pbk) |
||
| 942 |
_2ddc _cEN _h485 _mARN |
||
| 999 |
_c29501 _d29501 |
||